Kỹ năng biên tập

Kỹ năng biên tập có nội dung ngắn gọn, súc tích, cô động cùng những dẫn chứng minh hoạ thực tế dễ hiểu, cuốn sách giúp cho bạn đọc hiểu thêm một số nguyên tắc cơ bản của công việc biên tập; cách dùng dấu chấm câu, trạng từ như thế...

Ausführliche Beschreibung

Gespeichert in:
Bibliographische Detailangaben
Format: Buch
Sprache:Undetermined
Veröffentlicht: Hà Nội Thông tấn 2007
Schlagworte:
Tags: Tag hinzufügen
Keine Tags, Fügen Sie den ersten Tag hinzu!
Thư viện lưu trữ: Trung tâm Học liệu Trường Đại học Cần Thơ
LEADER 01225nam a2200181Ia 4500
001 CTU_128694
008 210402s9999 xx 000 0 und d
020 |c 14000 
082 |a 070.5 
082 |b K600 
245 0 |a Kỹ năng biên tập 
260 |a Hà Nội 
260 |b Thông tấn 
260 |c 2007 
520 |a Kỹ năng biên tập có nội dung ngắn gọn, súc tích, cô động cùng những dẫn chứng minh hoạ thực tế dễ hiểu, cuốn sách giúp cho bạn đọc hiểu thêm một số nguyên tắc cơ bản của công việc biên tập; cách dùng dấu chấm câu, trạng từ như thế nào cho đúng; cách giảm thiểu những sai sót trong quá trình biên tập... Ngoài ra, cuốn sách còn hướng dẫn biên tập viên phương cách phát triển ý tưởng và một số thủ thuật khi xử lý thông tin để tin, bài trên báo tránh được những sự cố nghề nghiệp... 
650 |a Technical editing,Publishers 
904 |i Hiếu 
980 |a Trung tâm Học liệu Trường Đại học Cần Thơ